| 000 | 00843nam a2200205 i 4500 | ||
|---|---|---|---|
| 001 | 116360 | ||
| 003 | ES-MaACL | ||
| 005 | 20250918194238.0 | ||
| 007 | t| | ||
| 008 | 061121s1946 sp r ||||1| spa d | ||
| 100 | 1 |
_aOssorio, Antonio. _987796 |
|
| 245 | 1 | 0 |
_aModelo del ínclito héroe, del príncipe. del general y del excelente soldado o sea vida de Don Juan de Austria / _cpor Antonio Ossorio ; traducción de José López de Toro ; edición y prólogo de Duque de Alba. |
| 260 |
_aMadrid : _bBlass, _c1946. |
||
| 300 |
_a335 p., 121 lám. ; _c24 cm. |
||
| 600 | 1 | 4 |
_aAustria, Juan de ( _d1545-1578) _9151484 |
| 700 | 1 |
_aLópez de Toro, José, _d1897-1972 _973594 |
|
| 700 | 1 |
_aAlba, Jacobo Fitz-James Stuart y Falcó, _cDuque de, _d1878-1953 _9173467 |
|
| 852 |
_aES-MaACL _jE-1734 _bR.22513 |
||
| 999 |
_c116360 _d116360 |
||